Encuesta de opinión pública sobre la Universidad Nacional (resumen de los resultados globales)

Na minha lista:
Detalhes bibliográficos
Autor principal: Ramírez H, Fernando
Outros Autores: Robledo Z, Carlos L.
Formato: Texto
Publicado em: Heredia: UNA. Oficina de Programación
Tags: Adicionar Tag
Sem tags, seja o primeiro a adicionar uma tag!

MARC

LEADER 00000 a a2200000 04500
001 15867
003
040
090 |a 016200  
100 |a Ramírez H, Fernando  
245 |a Encuesta de opinión pública sobre la Universidad Nacional (resumen de los resultados globales)   |a Ramírez H, Fernando  
260 |a Heredia:   |b UNA. Oficina de Programación  
300 |a 11 p.  
700 |a Robledo Z, Carlos L.  
999 |c 5471  |d 5471